00562nam a2200205Ia 4500008004100000020001800041050001900059050001700078100002500095245001900120245008400139250001600223260001500239260001700254260000900271300001600280300001100296500002000307650002900327180523s9999 xx 000 0 und d a007-287-543-7 aMAIN HF 5549.5 b.C67M55 2005 aMilkovich, George T. 0aCompensation / 0cGeorge T. Milkovich, Jerry M. Newman ; with the assistnce of Carolyn Milkovich. a8th Edition aNew York : bMcGraw-Hill, c2005 a634 pages : c23 cm. aIncludes index. aCompensation management.